Welcome to CU Library Online Public Access Catalogue (OPAC)

The Presence of caring in nursing / (Record no. 7968)

MARC details
000 -LEADER
fixed length control field 00877nam a2200253 a 4500
001 - CONTROL NUMBER
control field 2513239
005 - DATE AND TIME OF LATEST TRANSACTION
control field 20251103111307.0
008 - FIXED-LENGTH DATA ELEMENTS--GENERAL INFORMATION
fixed length control field 920623s1992 nyu b 100 0 eng
020 ## - INTERNATIONAL STANDARD BOOK NUMBER
International Standard Book Number 0887375472
020 ## - INTERNATIONAL STANDARD BOOK NUMBER
International Standard Book Number 9780887375477
050 00 - LIBRARY OF CONGRESS CALL NUMBER
Classification number RT86
Item number .P67 1992
082 00 - DEWEY DECIMAL CLASSIFICATION NUMBER
Classification number 610.73
Edition information 20
245 04 - TITLE STATEMENT
Title The Presence of caring in nursing /
Statement of responsibility, etc. Delores A. Gaut, editor.
260 ## - PUBLICATION, DISTRIBUTION, ETC.
Place of publication, distribution, etc. New York :
Name of publisher, distributor, etc. National League for Nursing Press,
Date of publication, distribution, etc. c1992.
300 ## - PHYSICAL DESCRIPTION
Extent xxi, 267 p. ;
Dimensions 23 cm.
500 ## - GENERAL NOTE
General note Papers presented at the 13th annual meeting of the International Association for Human Caring.
500 ## - GENERAL NOTE
General note "Publication no. 15-2465."
650 #0 - SUBJECT ADDED ENTRY--TOPICAL TERM
Topical term or geographic name entry element Nursing
General subdivision Psychological aspects
-- Congresses.
650 #0 - SUBJECT ADDED ENTRY--TOPICAL TERM
Topical term or geographic name entry element Caring
General subdivision Congresses.
650 #0 - SUBJECT ADDED ENTRY--TOPICAL TERM
Topical term or geographic name entry element Nursing
General subdivision Philosophy
-- Congresses.
700 1# - ADDED ENTRY--PERSONAL NAME
Personal name Gaut, Delores A.
710 2# - ADDED ENTRY--CORPORATE NAME
Corporate name or jurisdiction name as entry element International Association for Human Caring.
942 ## - ADDED ENTRY ELEMENTS (KOHA)
Source of classification or shelving scheme Library of Congress Classification
Koha item type Books
Suppress in OPAC No
999 ## -
-- 7968
-- 7968
Holdings
Withdrawn status Lost status Source of classification or shelving scheme Damaged status Not for loan Collection Home library Current library Shelving location Date acquired Total checkouts Full call number Barcode Date last seen Copy number Price effective from Koha item type
    Library of Congress Classification     Non-fiction Science Library (Miotso) Science Library (Miotso) General stacks 11/03/2025   RT86 .P67 PRE SLM00005072 11/03/2025 1 11/03/2025 Books
    Library of Congress Classification     Non-fiction Science Library (Miotso) Science Library (Miotso) General stacks 11/03/2025   RT86 .P67 PRE SLM00005075 11/03/2025 2 11/03/2025 Books
© 2023-2024 Copyright: Central University Libraries. All Rights Reserved | Created by: Mahone Tech Office